<?xml version="1.0" encoding="UTF-8"?>
<record
    xmlns:xsi="http://www.w3.org/2001/XMLSchema-instance"
    xsi:schemaLocation="http://www.loc.gov/MARC21/slim http://www.loc.gov/standards/marcxml/schema/MARC21slim.xsd"
    xmlns="http://www.loc.gov/MARC21/slim">

  <leader>02069nam a2200289Ia 4500</leader>
  <controlfield tag="001">G8038</controlfield>
  <controlfield tag="003">IT-RoPAU</controlfield>
  <controlfield tag="008">130308s9999    xx            000 0 und d</controlfield>
  <datafield tag="040" ind1=" " ind2=" ">
    <subfield code="a">IT-RoPAU</subfield>
  </datafield>
  <datafield tag="040" ind1=" " ind2=" ">
    <subfield code="c">IT-RoPAU</subfield>
  </datafield>
  <datafield tag="041" ind1=" " ind2=" ">
    <subfield code="a">ITALIANO</subfield>
  </datafield>
  <datafield tag="100" ind1=" " ind2=" ">
    <subfield code="a">Craveri Benedetta</subfield>
  </datafield>
  <datafield tag="100" ind1=" " ind2=" ">
    <subfield code="g">Codice Aut. SPICS: 55759</subfield>
  </datafield>
  <datafield tag="245" ind1=" " ind2=" ">
    <subfield code="a">Civilt&#xE0; della conversazione (La)</subfield>
  </datafield>
  <datafield tag="245" ind1=" " ind2=" ">
    <subfield code="b">Civilta' della Conversazione (La)</subfield>
  </datafield>
  <datafield tag="250" ind1=" " ind2=" ">
    <subfield code="a">2a ed.</subfield>
  </datafield>
  <datafield tag="260" ind1=" " ind2=" ">
    <subfield code="a">MILANO</subfield>
  </datafield>
  <datafield tag="260" ind1=" " ind2=" ">
    <subfield code="b">Adelphi</subfield>
  </datafield>
  <datafield tag="260" ind1=" " ind2=" ">
    <subfield code="c">2001 [1&#xB0; Ed.:2001 - Ed.Ling.Originale:2001]</subfield>
  </datafield>
  <datafield tag="300" ind1=" " ind2=" ">
    <subfield code="a">"656 p. (prefazione: no ; testo: 656 [pagine: 0-0])"</subfield>
  </datafield>
  <datafield tag="500" ind1=" " ind2=" ">
    <subfield code="a">Nel Seicento e Settecento, L'Aristocrazia Allontanata dal Potere Politico spese le Sue Energie nell'Elaborare un Nuovo Modo di Vivere. con l'aiuto Dialcuni geni della Socievolezza, Quasi Sempre Donne Maestre di Eleganza e di Psicologia, Creo' una corrente Impetuosa che Attraverso' Due secoli e Riusci' a Plasmare molte forme della Vita Sociale e Intellettuale e si Infranse contro Lo Sbarramento della Rivoluzione. L'Arte di Stare insieme basata Sulla seduzione e Sul piacere Reciproco. Una certa Maniera di Vivere. Le Figlie di Eva. La camera Azzurra. Vincent Voiture. madame De Longueville. La Duchessa di Montbazon e Il riformatore della Trappa. La Marchesa di Sable' Eil salotto nel Convento: Fondatrici del Giansenismo, Amicizia Come Passione, All'Ombra di Port Royal, Gioco delle Massime. Mademoiselle De Montpellier. madame De Sevigne' e madame De la Fayette: una Lunga Amicizia. madame Dela Sabliere: L'Assoluto del Sentimento. madame De Mainternon e Ninon De Lenclos: importanza della Reputazione. Esprit De Societe': carattere della Nazione, Corte Come Teatro, rivincita di Parigi. Marchesa di Lambert: ideale dell'Honnete Femme. madame De Tencin: Avventuriera dei Lumi. sotto Il Segnodell'Emulazione. Civilt&#xE0; della Conversazione: piacere della Parola, inganni della Parola, Potere della Parola. Bibliografia.</subfield>
  </datafield>
  <datafield tag="650" ind1=" " ind2=" ">
    <subfield code="a">SAGGI DI SOCIOLOGIA</subfield>
  </datafield>
  <datafield tag="650" ind1=" " ind2=" ">
    <subfield code="e">Codice materia Spics: 3657</subfield>
  </datafield>
  <datafield tag="942" ind1=" " ind2=" ">
    <subfield code="c">BK</subfield>
  </datafield>
  <datafield tag="957" ind1=" " ind2=" ">
    <subfield code="7">1</subfield>
  </datafield>
  <datafield tag="999" ind1=" " ind2=" ">
    <subfield code="c">88673</subfield>
    <subfield code="d">88673</subfield>
  </datafield>
  <datafield tag="999" ind1=" " ind2=" ">
    <subfield code="g">1</subfield>
  </datafield>
  <datafield tag="952" ind1=" " ind2=" ">
    <subfield code="0">0</subfield>
    <subfield code="1">0</subfield>
    <subfield code="4">0</subfield>
    <subfield code="6">G_000000000000000_8038</subfield>
    <subfield code="7">1</subfield>
    <subfield code="a">SPICS</subfield>
    <subfield code="b">SPICS</subfield>
    <subfield code="d">2013-03-08</subfield>
    <subfield code="l">0</subfield>
    <subfield code="o">G8038</subfield>
    <subfield code="r">2013-03-08 00:00:00</subfield>
    <subfield code="w">2013-03-08</subfield>
    <subfield code="y">BK</subfield>
    <subfield code="z">Progressivo inserimento:  9723 /  N. Volumi: 1 Copie: 1  / data import: 1 marzo 2013 - By Epidotti, Trombetti, Vaglietti. </subfield>
  </datafield>
</record>
